Największe państwa według gęstości zaludnienia - Statystyki

Ogólne statystyki
  • Ten quiz został rozwiązany 30 razy
    8 od ostatniego zresetowania
  • Średni wynik to 10 z 15
Statystyki odpowiedzi
# Gęstość zaludnienia Państwo % Poprawnych
7 1 143 Bangladesz
100%
13 505 Korea Południowa
100%
1 19 381 Monako
100%
14 461 San Marino
100%
4 1 975 Watykan
100%
12 515 Holandia
88%
10 628 Tajwan
88%
2 7 485 Singapur
75%
3 2 009 Bahrajn
50%
5 1 633 Malta
50%
11 599 Nauru
50%
15 444 Tuvalu
38%
9 645 Barbados
25%
6 1 312 Malediwy
25%
8 651 Mauritius
0%
Nie znaleziono quizów pasujących do podanych kryteriów
Rozkład punktacji
Procent ludzi z każdym wynikiem
Percentyl według liczby udzielonych odpowiedzi
Twoja historia wyników
Nie rozwiązałeś tego quizu od ostatniego zresetowania